Guardians of the Galaxy Vol. 3 Soundtrack - Statistics

General Stats
  • This quiz has been taken 59 times
  • The average score is 9 of 17
Answer Stats
Artist Song % Correct
Radiohead Creep (Acoustic Version)
94%
Florence + The Machine Dog Days Are Over
87%
Redbone Come and Get Your Love
79%
Beastie Boys No Sleep Till Brooklyn
70%
Heart Crazy on You
60%
Spacehog In the Meantime
55%
Rainbow Since You Been Gone
55%
Alice Cooper I'm Always Chasing Rainbows
45%
Earth, Wind & Fire Reasons
45%
The Flaming Lips Do You Realize??
43%
Faith No More We Care A Lot
43%
The Mowgli's San Francisco
36%
The The This Is the Day
36%
X Poor Girl
34%
Bruce Springsteen Badlands
32%
EHAMIC Koinu no Carnival
32%
The Replacements I Will Dare
30%
No matching quizzes found
Score Distribution
Percent of People with Each Score
Percentile by Number Answered
Your Score History
You have not taken this quiz